=LDR 00000nam 2200000 4500 =001 INLIS000000000020663 =990 ##$$a 20606212 =005 20221228011348 =990 ##$$a 20600721 =035 ##$$a 0010-061300000020663 =990 ##$$a 0001/BPAP-NTB/20142014 =008 221228################g##########0#ind## =990 ##$$a 0001/BPAP-NTB/20142014 =041 ##$$a Ind =990 ##$$a 1200900856 =082 ##$$a 616.07 =090 ##$$a 616.07, Pri p =100 ##$$a Price, Sylvia Anderson =245 1#$$a Patofisiologi : $b Konsep klinis proses-proses penyakit =Pathophysiology clinical concepts of disease processes /$c Sylvia anderson Price,RN,PhD =260 ##$$a Jakarta :$b EGC,$c 2005 =300 ##$$a xxv, 734 hlm. : $b ilus ; $c 21x27 cm =650 #4$$a Patologi =850 ##$$a NBPNMAT =020 ##$$a 9794487333 =084 ##$$a 616.07 Pri p =990 ##$$a 2120616371 =990 ##$$a 0001/BPAP-NTB/20142014 =990 ##$$a 0001/BPAP-NTB/20142014 =990 ##$$a 1200900856 =990 ##$$a 09780978 =990 ##$$a 20606212 =990 ##$$a 2120616371 =990 ##$$a 0001/BPAP-NTB/20142014 =990 ##$$a 0001/BPAP-NTB/20142014 =990 ##$$a 1200900856 =990 ##$$a 20600721 =990 ##$$a 0001/BPAP-NTB/20142014 =990 ##$$a 0001/BPAP-NTB/20142014 =990 ##$$a 1200900856 =990 ##$$a 20606212